000 00304 a2200133 4500
001 194984
040 _cMagnum
100 _aKinney, Jeff
240 1 0 _aO diário de um Banana
_lpor
245 1 0 _aO diário de um Banana
300 _a33
697 _aLITERATURA INFANTO-JUVENIL ESTRANGEIRA
942 _cBK
999 _c194984
_d194984